000 00746nam a2200253Ia 4500
003 OSt
005 20220918170846.0
006 a|||||r|||| 00| 0
007 ta
008 220917b |||||||| |||| 00| 0 eng d
020 _a9780745672250 (pbk)
_cUSD 24.95
024 _a317,566
037 _b14249, 14/03/2017, Uppal Book Store
_cTextual
040 _aARTS
_cARTS
_beng
041 _2eng
_aeng
082 _aR4,(S), Q6
100 _aAlfano Mark Au.
_931747
245 0 _aMoral psychology
_b an introduction
260 _aCambridge
_bPolity Press UK
_c2016
300 _ax,213p.
_ccm.
650 _aETHICS
942 _hR4,(S), Q6
_cTEXL
_2CC
999 _c136278
_d136278